25 'A' Characters Quiz Stats

 Plays Quiz not verified by Sporcle

Score 0/25 Timer 15:00
0 Plays Today
% Correct
No Country For Old Men
80%
Training Day
60%
Brooklyn Nine-Nine
60%
Friends
46.7%
Die Hard
43.3%
Gone Girl
43.3%
Die Hard
40%
L.A. Law
36.7%
Arrested Development
33.3%
House M.D.
30%
Weeds
30%
30 Rock
26.7%
Toy Story 2
23.3%
% Correct
Danny Phantom
23.3%
The Fox & The Hound
20%
American Dad!
16.7%
The Hunger Games
16.7%
Chasing Amy
16.7%
Law & Order: Special Victims Unit
16.7%
The Martian
13.3%
Some Kind Of Wonderful
6.7%
Whiplash
6.7%
Independence Day
3.3%
Robocop
3.3%
What About Bob?
0%

You're not logged in!

Compare scores with friends on all Sporcle quizzes.
OR
Log In

Sporcle TV

Today on Sporcle TV


Watch our educational content, quiz creation guides, and fun videos on Sporcle TV.

Show Comments

Extras

Top Quizzes Today


Score Distribution

Your Account Isn't Verified!

In order to create a playlist on Sporcle, you need to verify the email address you used during registration. Go to your Sporcle Settings to finish the process.

Report this User

Report this user for behavior that violates our Community Guidelines.

Details: